000 01015nam a2200253 a 4500
001 000042306
003 DO-SdBNP
005 20230126095524.0
007 ta
008 131122s2011 dr 000 0 spa d
040 _aDO-SdBNP
_bspa
_cBNPHU
082 _axxx
_bR426L
_222
110 2 _aRepública Dominicana
_9447
240 1 0 _a[Ley orgánica]
245 1 0 _aLey núm. 137-11 orgánica del tribunal constitucional y de los procedimientos constitucionales, modificada por la ley núm.145-11 del 4 de julio de 2011 :
_bley núm. 29-11 orgánica del tribunal electoral : ley núm. 138-11 orgánica del Consejo Nacional de la Magistratura.
246 1 0 _aLey núm. 29-11 orgánica del tribunal electoral : ley núm. 138-11 orgánica del Consejo Nacional de la Magistratura
260 _aSanto Domingo :
_bFundación Justicia y Transparencia (FJT),
_c2011.
300 _a77 p. ;
_c24 cm.
490 1 _aLeyes
590 _aInventariado, 2023 / DG
830 0 _aLeyes
_969362
910 _aDG
942 _2ddc
_cLBS1
999 _c41795
_d41795